000 00848nam a22002537a 4500
005 20250730115918.0
008 250730b |||||||| |||| 00| 0 eng d
020 _a978-81-980002-7-9 (hbk)
037 _cTB
040 _aCRL
_cCRL
041 _2eng
_aemg
084 _aV2:19436 R5
_qCRL
245 _aIndia - Indonesia relations:
_bA civilisational partnership
260 _aNew Delhi, India:
_bPentagon Press LLP,
_c2025.
300 _axvii, 142p.
365 _b750.00
_cINR
650 _aHistory
650 _aIndia - History
650 _aIndonesia - History
_9198395
650 _aForeign Relation
700 _aAnand, Vinod
_eeditor.
_9816923
942 _2CC
_cTB
_hV2:19436 R5
_n0
999 _c1434388
_d1434388